| 000 | 00559nam a22001817a 4500 | ||
|---|---|---|---|
| 003 | OSt | ||
| 005 | 20250708083205.0 | ||
| 008 | 250708b |||||||| |||| 00| 0 eng d | ||
| 020 | _a0877799199 | ||
| 040 |
_aDWCL-Main lib _cOC |
||
| 082 | _aCirc. 641.5 R685 1981 | ||
| 245 | _aMerriam-Webster's crossword puzzle dictionary/ | ||
| 250 | _aSecond edition. | ||
| 260 |
_aUSA : _b Merriam-Webster Inc., _c c1997. |
||
| 300 |
_a767 pages ; _c17 cm. |
||
| 650 | _a1. Crossword puzzle--Glossaries, vocabularies, etc. | ||
| 942 |
_2ddc _cBK-GR _eSecond edition. _kGR. _n0 |
||
| 999 |
_c3477 _d3477 |
||